El alma en soledad en un dia de retiro de cada mes, para santificar la muerte con las máximas de los exercicios espirituales de San Ignacio de Loyola / obra que en idioma italiano escribió el Padre Simon Bagnati de la Compañia de Jesus ; traducida al español por el Doctor D. Manuel Mariano de Iturriaga y Alzaga, canóngo doctoral de la Santa Iglesia Catedral de Valladolid de Mechoacan, Rector del Real y Primitivo Colegio de San Nicolas obispo de dicha ciudad

Detalles Bibliográficos
Autor principal: Bagnati, Simón, 1651-1727
Otros Autores: Iturriaga y Alzaga, Manuel Mariano de, 1728-1819, tr
Formato: Libro
Lenguaje:Spanish
Publicado: en Madrid : en la imprenta de Don Benito Cano, 1796.
Materias:
Colección:Banco de datos
Acervo:Biblioteca de la Orden de Carmelitas Descalzas de San José y Santa Teresa de Puebla. Puebla
Descripción Física:2 t. ; 8°
Tema general:Ascética
Notas:Portada tipográfica. Texto a renglón seguido. Incluyen cabeceras de título en grabado xilográfico. Incluyen capitulares en grabado xilográfico. Cada tomo con portada y numeración propias. Año de los t. 1-2 publicados en 1796. Paginación: t. 1 XVI, 285 p.; t. 2 348 p. Encuadernación en piel sobre cartón (308, 429). Ex libris manuscrito en la portada: "Del Sto. Noviciado del Convto. de N. Pe. Sn. Jose y Sta. Tha." (308, 429). Ex libris manuscrito en la guarda anterior: "Del uso de la Herma. Mariana Joaqna. de Cristo con Luza. de sus preladas" (308, 429). Testigo: impreso en las p. 66 y 227 (308)
LEADER 01786nam a22001930004500
035 |a 203 
041 0 |a spa 
100 1 |a Bagnati, Simón, 1651-1727 
245 1 0 |a El alma en soledad en un dia de retiro de cada mes, para santificar la muerte con las máximas de los exercicios espirituales de San Ignacio de Loyola / obra que en idioma italiano escribió el Padre Simon Bagnati de la Compañia de Jesus ; traducida al español por el Doctor D. Manuel Mariano de Iturriaga y Alzaga, canóngo doctoral de la Santa Iglesia Catedral de Valladolid de Mechoacan, Rector del Real y Primitivo Colegio de San Nicolas obispo de dicha ciudad 
260 |a en Madrid : en la imprenta de Don Benito Cano, 1796. 
300 |a 2 t. ; 8° 
500 |a Portada tipográfica. Texto a renglón seguido. Incluyen cabeceras de título en grabado xilográfico. Incluyen capitulares en grabado xilográfico. Cada tomo con portada y numeración propias. Año de los t. 1-2 publicados en 1796. Paginación: t. 1 XVI, 285 p.; t. 2 348 p. Encuadernación en piel sobre cartón (308, 429). Ex libris manuscrito en la portada: "Del Sto. Noviciado del Convto. de N. Pe. Sn. Jose y Sta. Tha." (308, 429). Ex libris manuscrito en la guarda anterior: "Del uso de la Herma. Mariana Joaqna. de Cristo con Luza. de sus preladas" (308, 429). Testigo: impreso en las p. 66 y 227 (308) 
504 |a Al final de cada tomo está el índice de contenido 
650 1 0 |a Ascética 
700 1 |a Iturriaga y Alzaga, Manuel Mariano de, 1728-1819, tr. 
949 |a Fondo Bibliográfico Antiguo de las Carmelitas Descalzas de San José y Santa Teresa, Puebla, Puebla t. 1 (308); t. 2 (429) 
942 |c CARMELITAS 
943 |g Biblioteca de la Orden de Carmelitas Descalzas de San José y Santa Teresa de Puebla. Puebla 
999 |c 950662  |d 950662